| 000 | 00352nam a22001097a 4500 | ||
|---|---|---|---|
| 008 | 230606b xxu||||| |||| 00| 0 eng d | ||
| 082 |
_a338.96762 _bMRD |
||
| 245 | _aMinistry of Regional Development Authorities Strategic Plan 2008-2012 | ||
| 260 |
_aNairobi,Kenya _bMinistry of Regional Development Authorities _c2009 |
||
| 300 | _aXII,80p | ||
| 942 |
_2ddc _cBK |
||
| 999 |
_c719 _d719 |
||